| 000 | 00743nam a2200229Ia 4500 | ||
|---|---|---|---|
| 005 | 20260321101952.0 | ||
| 008 | 210716s2006 xx 000 0 und d | ||
| 020 | _a9788126514502 | ||
| 040 | _cAIMIT LIBRARY | ||
| 041 | _aeng | ||
| 082 |
_a658.4062 _21 _bDEBS |
||
| 100 |
_aDebowski, Shelda. _965318 |
||
| 245 |
_aKnowledge management / _cBy Shelda Debowski. |
||
| 250 | _a1st ed. | ||
| 260 |
_aNew Delhi : _bWiley India , _c2014. |
||
| 300 |
_axv, 368p. ; _c23.5 cm. |
||
| 650 |
_aDeveloping and sustaining a knowledge culture _965319 |
||
| 650 |
_aKnowledge foundations _965320 |
||
| 650 |
_aDeveloping and managing knowledge _965321 |
||
| 650 |
_aSustainable knowledge management _965322 |
||
| 942 |
_2ddc _cBK _e1st ed. _k658.4062 DEBS |
||
| 999 |
_c189324 _d189324 |
||